000 00628nam a2200229 a 4500
001 2389404
005 20180221085408.0
008 851125s1986 iaua b 001 0 eng
010 _a 85082371
020 _a0840338538 (pbk.)
040 _aDLC
_cDLC
_dDLC
041 _aeng
043 _an-usc--
_an-use--
080 _a633.200974 SMI
082 0 0 _a633.200974 SMI
_219
100 1 _a9
101 _aMJE
245 1 0 _aForage management /
_cDale Smith, Raymond J. Bula, Richard P. Walgenbach.
504 _aIncludes bibliographies and index.
906 _a7
_bcbc
_corignew
_d3
_eopcn
_f19
_gy-gencatlg
942 _2ddc
_cBK
999 _c43075
_d43075